00353nam a2200145Ia 4500008004100000082000800041082001000049100001700059245002800076250000600104260003300110300000800143630002800151730002800179100122s9999 xx 000 0 und d a954 b65082 aMAJUMDAR R C aTHE CLASSICAL AGE (4/4) a0 bBHARATIYA VIDYA BHAVANc1997 a758 aTHE CLASSICAL AGE (4/4) aTHE CLASSICAL AGE (4/4)